| 000 | 00728cam a2200253 i 4500 | ||
|---|---|---|---|
| 999 |
_c4931 _d4931 |
||
| 001 | 3210192 | ||
| 003 | GBCCL | ||
| 005 | 20241126110530.0 | ||
| 008 | 781208s1978 tnu 001 0 eng | ||
| 010 | _a 78019976 | ||
| 020 | _a0805453279 | ||
| 040 |
_aDLC _cDLC _dDLC |
||
| 050 | 0 | 0 |
_aBV255 _b.H46 |
| 082 | 0 | 0 |
_a249 _bHER |
| 100 | 1 |
_aHerring, Reuben. _98952 |
|
| 245 | 1 | 0 |
_aYour family worship guidebook / _cReuben Herring. |
| 260 |
_aNashville : _bBroadman Press, _cc1978. |
||
| 300 |
_a127 p. ; _c20 cm. |
||
| 500 | _aIncludes index. | ||
| 650 | 0 |
_aFamilies _vPrayers and devotions. _96191 |
|
| 650 | 0 |
_aBaptists _vPrayers and devotions. _98953 |
|
| 906 |
_a7 _bcbc _corignew _d2 _eocip _f19 _gy-gencatlg |
||
| 942 |
_2ddc _cBK _06 |
||